| 000 | 01457nam a2200313 a 4500 | ||
|---|---|---|---|
| 001 | 19924 | ||
| 003 | UkOxU | ||
| 005 | 20211209000510.0 | ||
| 008 | 140226r19641926enk 001 0 eng d | ||
| 035 | _aBD-RjUL) 19985 | ||
| 040 |
_aBD-RjUL _beng _cBD-RjUL |
||
| 041 | _aeng | ||
| 082 | 0 | 4 |
_a320 _bMAM 1964 |
| 100 | 1 |
_aMacIver, Robert M. _q(Robert Morrison), _d1882-1970. _958296 |
|
| 245 | 1 | 4 |
_aThe modern state / _cR.M. MacIver |
| 260 |
_aOxford University Press : _bLondon, _c1926 [reprint 1964, 1966]. |
||
| 300 |
_axii, 504 p. ; _c20 cm |
||
| 500 | _aOriginally published: London : Oxford University Press, 1926 | ||
| 504 | _aIncludes bibliographical footnotes and index | ||
| 505 | 0 | _aWhat is the state? -- Origins -- The early empire -- The emergence of citizenship -- The formation of the country-state -- The limits of political control -- The residence of authority -- Might and sovereignty -- Law and order -- Political government and the economic order -- Formation and dissolution -- The forms of the state -- The articulation of governmental powers -- The party system -- The evolution of modern theories of the state -- Political thought of the present -- A re-interpretation of the state | |
| 650 | 0 |
_aPolitical science _961240 |
|
| 650 | 0 |
_aState, The _9113966 |
|
| 830 | 0 |
_v73 _9113968 |
|
| 740 | 0 | _aModern state | |
| 830 | 0 |
_aOxford paperbacks ; _9113965 |
|
| 942 |
_2ddc _cBK _01 |
||
| 999 |
_c19924 _d19924 |
||